[Event "ZMDI-Open 2013"]
[Site "Dresden"]
[Date "2013.08.11"]
[Round "2"]
[White "Bregenzer, M."]
[Black "Richter, S."]
[Result "1/2-1/2"]
[WhiteElo "1740"]
[BlackElo "1843"]
[PlyCount "40"]
[EventDate "2013.??.??"]

1. e4 c5 2. Nc3 d6 3. Nf3 Nf6 4. d4 cxd4 5. Nxd4 g6 6. Be2 Bg7 7. O-O O-O 8.
Be3 Nc6 9. Kh1 d5 10. exd5 Nxd5 11. Nxd5 Qxd5 12. Nxc6 Qxc6 13. Bf3 Qb5 14. a4
Qa6 15. c3 Be6 16. Qc2 Rad8 17. Rfd1 b6 18. g3 Qc4 19. Qe2 Qc7 20. Qb5 Bd7
1/2-1/2

[Event "ZMDI-Open 2013"]
[Site "Dresden"]
[Date "2013.08.11"]
[Round "2"]
[White "Schott, V."]
[Black "Schneider, M."]
[Result "0-1"]
[WhiteElo "1808"]
[BlackElo "1700"]
[PlyCount "116"]
[EventDate "2013.??.??"]

1. e4 g6 2. Nf3 Bg7 3. d4 d6 4. h3 Nf6 5. Bd3 O-O 6. Nbd2 c5 7. c3 cxd4 8. Nxd4
Nc6 9. N2f3 e5 10. Ne2 d5 11. Qc2 dxe4 12. Bxe4 Nxe4 13. Qxe4 Bf5 14. Qa4 Qd3
15. Bg5 b5 16. Qa6 Be4 17. Rd1 Qc2 18. Rd2 Qb1+ 19. Rd1 Qxb2 20. Bc1 Qc2 21.
Rd2 Qa4 22. Qxa4 bxa4 23. O-O Bxf3 24. gxf3 Rfd8 25. Rfd1 Rxd2 26. Rxd2 Rd8 27.
Rxd8+ Nxd8 28. c4 Bf8 29. Be3 Nc6 30. Nc3 a3 31. Kf1 f5 32. Ke2 f4 33. Bc1 Kf7
34. Kd3 Ke6 35. Ke4 Bc5 36. Nb5 Bxf2 37. Bxa3 h5 38. Nc7+ Kd7 39. Nd5 Nd4 40.
Kxe5 Nxf3+ 41. Kxf4 Ng1 42. Kg5 Nxh3+ 43. Kxg6 h4 44. Nf6+ Kc6 45. Ng4 Bc5 46.
Bc1 Ng1 47. Ne5+ Kc7 48. Kf5 h3 49. Ng4 Ne2 50. Bb2 Bd6 51. Be5 Bxe5 52. Kxe5
Kc6 53. Ke4 Nc3+ 54. Kf3 Nxa2 55. Kg3 a5 56. Kxh3 a4 57. Ne3 Nb4 58. Nd1 Kc5
0-1

[Event "ZMDI-Open 2013"]
[Site "Dresden"]
[Date "2013.08.11"]
[Round "2"]
[White "Schamschurko, A."]
[Black "Renger, N."]
[Result "1/2-1/2"]
[WhiteElo "1703"]
[BlackElo "1667"]
[PlyCount "38"]
[EventDate "2013.??.??"]

1. e4 c5 2. Nc3 d6 3. f4 Nc6 4. Nf3 g6 5. Bb5 Bd7 6. Bxc6 Bxc6 7. d3 Bg7 8. O-O
e6 9. Ne2 Ne7 10. c3 O-O 11. Ng3 d5 12. Qe1 Re8 13. Kh1 f5 14. e5 a6 15. a3 Rc8
16. Bd2 b6 17. Rc1 d4 18. c4 a5 19. a4 Qd7 1/2-1/2

[Event "ZMDI-Open 2013"]
[Site "Dresden"]
[Date "2013.08.11"]
[Round "2"]
[White "Priese, A."]
[Black "Vorobiov, I."]
[Result "1-0"]
[WhiteElo "1678"]
[BlackElo "1774"]
[PlyCount "45"]
[EventDate "2013.??.??"]

1. e4 e6 2. d4 d5 3. e5 c5 4. c3 Nc6 5. Nf3 Bd7 6. Be2 Nge7 7. Na3 Nf5 8. Nc2
Be7 9. O-O g5 10. Ne3 Rg8 11. Nxf5 exf5 12. dxc5 Be6 13. Bb5 Bxc5 14. Nd4 Qb6
15. Ba4 O-O-O 16. Nxc6 bxc6 17. b4 Be7 18. Be3 Qb7 19. Qc2 f6 20. f4 gxf4 21.
Bxf4 fxe5 22. Bxe5 Bd6 23. Qe2 1-0

[Event "ZMDI-Open 2013"]
[Site "Dresden"]
[Date "2013.08.11"]
[Round "2"]
[White "Jahn, D."]
[Black "von Koslowski, U."]
[Result "0-1"]
[WhiteElo "1816"]
[BlackElo "1749"]
[PlyCount "122"]
[EventDate "2013.??.??"]

1. b4 e6 2. Bb2 Nf6 3. a3 b6 4. e3 Bb7 5. Nf3 Be7 6. Be2 O-O 7. O-O a5 8. b5 c5
9. c4 d5 10. d3 Nbd7 11. Ne5 Nxe5 12. Bxe5 Nd7 13. Bb2 Qc7 14. Nd2 Bf6 15. Bxf6
Nxf6 16. Bf3 Rad8 17. Qc2 Rd7 18. Rfd1 Rfd8 19. Nf1 Ne8 20. Ng3 Qe5 21. d4 cxd4
22. exd4 Qf6 23. c5 Rc7 24. c6 Rdc8 25. Qd2 Bxc6 26. bxc6 Rxc6 27. Nh5 Qe7 28.
Qb2 Nd6 29. Qe2 Qg5 30. Qe5 Qxe5 31. dxe5 Nc4 32. Re1 Nb2 33. h3 Rc2 34. Re2
Rxe2 35. Bxe2 Rc2 36. Ng3 d4 37. Bd1 Rd2 38. Bf3 d3 39. Rc1 Rc2 40. Rxc2 dxc2
41. Ne2 Nd3 42. Be4 c1=Q+ 43. Nxc1 Nxc1 44. Kf1 Nb3 45. Ke2 Nc5 46. Bc2 Kf8 47.
f4 h6 48. Ke3 Ke7 49. Kd4 Kd7 50. g4 Kc6 51. h4 b5 52. f5 a4 53. g5 hxg5 54.
hxg5 exf5 55. Bxf5 Ne6+ 56. Kc3 Nxg5 57. Kb4 Ne6 58. Be4+ Kb6 59. Bd3 Nc7 60.
Be4 Na6+ 61. Kc3 Kc5 0-1

[Event "ZMDI-Open 2013"]
[Site "Dresden"]
[Date "2013.08.11"]
[Round "2"]
[White "Frommelt, R."]
[Black "Hilbig, K."]
[Result "1-0"]
[WhiteElo "1765"]
[BlackElo "1759"]
[PlyCount "69"]
[EventDate "2013.??.??"]

1. Nf3 Nf6 2. c4 g6 3. b4 Bg7 4. Bb2 O-O 5. g3 d6 6. Bg2 e5 7. O-O Nc6 8. b5
Ne7 9. d3 Nf5 10. Nbd2 Bd7 11. a4 Rb8 12. Qc2 c6 13. Rfc1 Rc8 14. Qb3 Re8 15.
e4 Ne7 16. c5 Be6 17. Qa3 dxc5 18. Nxe5 b6 19. Ndc4 Ng4 20. Rd1 Nxe5 21. Nxe5
Qc7 22. f4 f6 23. Nf3 Red8 24. Rac1 Qd7 25. Qa1 Kf7 26. Ng5+ fxg5 27. Bxg7 Ng8
28. fxg5 Ke7 29. d4 Bg4 30. Rd2 cxb5 31. d5 Ke8 32. Rf1 Rc7 33. Bh8 Qe7 34. h4
c4 35. Kh2 1-0

[Event "ZMDI-Open 2013"]
[Site "Dresden"]
[Date "2013.08.11"]
[Round "2"]
[White "Reinisch, J."]
[Black "Mishin, F."]
[Result "1/2-1/2"]
[WhiteElo "1645"]
[BlackElo "1801"]
[PlyCount "67"]
[EventDate "2013.??.??"]

1. c4 e5 2. Nc3 Nf6 3. Nf3 Nc6 4. e3 d6 5. d4 exd4 6. exd4 Bg4 7. Be2 Be7 8.
Be3 O-O 9. O-O Qd7 10. d5 Nd8 11. b4 b6 12. a3 Ne8 13. Rc1 f5 14. Qd2 Bf6 15.
Bd4 Bxf3 16. Bxf3 Nf7 17. Bxf6 Nxf6 18. Rfe1 Ne5 19. Be2 Rae8 20. f4 Ng6 21.
Bd3 Rxe1+ 22. Rxe1 Re8 23. g3 a6 24. Rxe8+ Nxe8 25. Qe2 Kf7 26. Qh5 Nf6 27.
Qxf5 Qe7 28. Ne4 Nf8 29. Ng5+ Kg8 30. Ne6 Kf7 31. Ng5+ Kg8 32. Ne6 Kf7 33. Ng5+
Kg8 34. Ne6 1/2-1/2

[Event "ZMDI-Open 2013"]
[Site "Dresden"]
[Date "2013.08.11"]
[Round "2"]
[White "Ott, H."]
[Black "Wiessner, J."]
[Result "0-1"]
[WhiteElo "1674"]
[BlackElo "1861"]
[PlyCount "76"]
[EventDate "2013.??.??"]

1. e4 g6 2. d4 Bg7 3. Nf3 d6 4. h3 Nf6 5. Bd3 O-O 6. O-O Nc6 7. c3 e5 8. Be3 h6
9. Nbd2 Nh5 10. dxe5 dxe5 11. Qc2 Qf6 12. Nh2 Nf4 13. Bxf4 exf4 14. Ndf3 h5 15.
h4 Qe7 16. Rfe1 Ne5 17. Nxe5 Bxe5 18. Nf3 Bg4 19. Nxe5 Qxe5 20. f3 Be6 21. a3
Rfd8 22. Rad1 Rd6 23. Bf1 Rad8 24. Rxd6 Qxd6 25. Qf2 Qb6 26. Qxb6 axb6 27. Kf2
Rd2+ 28. Re2 Rd1 29. Re1 Rd7 30. Bb5 c6 31. Bf1 Kf8 32. c4 Ke7 33. b3 Kf6 34.
Be2 Ke5 35. Rd1 Rxd1 36. Bxd1 Kd4 37. g3 fxg3+ 38. Kxg3 Ke3 0-1

[Event "ZMDI-Open 2013"]
[Site "Dresden"]
[Date "2013.08.11"]
[Round "2"]
[White "Zilch, L."]
[Black "Völler, L."]
[Result "0-1"]
[WhiteElo "1911"]
[BlackElo "1679"]
[PlyCount "88"]
[EventDate "2013.??.??"]

1. c4 g6 2. e4 Bg7 3. d4 d6 4. Nc3 e5 5. d5 Ne7 6. Bd3 O-O 7. Nge2 f5 8. f3
fxe4 9. Nxe4 Nf5 10. O-O h6 11. Bd2 Nd7 12. Qc1 Kh7 13. Qc2 Nc5 14. Nxc5 dxc5
15. Rad1 Qd6 16. Nc3 Nd4 17. Qb1 Bf5 18. Be3 a6 19. a4 Rae8 20. Rf2 b6 21. Re1
c6 22. Be4 cxd5 23. Nxd5 Bd7 24. b3 Nf5 25. Bc1 Nd4 26. Rd1 Bf5 27. Nc3 Bxe4
28. fxe4 Rxf2 29. Kxf2 Rf8+ 30. Ke3 h5 31. Nd5 Qe6 32. Kd3 Qg4 33. Rd2 Bh6 34.
Ne3 Bxe3 35. Kxe3 Qf4+ 36. Kd3 Qf1+ 37. Kc3 Qe1 38. Kd3 Rf4 39. Kc3 Rxe4 40.
Kb2 Re3 41. Rd3 Re2+ 42. Ka1 Nc2+ 43. Kb2 Nb4+ 44. Bd2 Qxb1+ 0-1

[Event "ZMDI-Open 2013"]
[Site "Dresden"]
[Date "2013.08.11"]
[Round "2"]
[White "Wunderlich, M."]
[Black "Bui, N."]
[Result "1-0"]
[WhiteElo "1785"]
[BlackElo "1417"]
[PlyCount "57"]
[EventDate "2013.??.??"]

1. Nc3 c5 2. Nf3 d6 3. d4 cxd4 4. Nxd4 a6 5. g3 Nf6 6. Bg2 e6 7. O-O Nbd7 8. e4
Qc7 9. Be3 Rb8 10. a4 b6 11. f4 Bb7 12. Qe2 Be7 13. Nb3 O-O 14. Rad1 Rbc8 15.
Rfe1 Qc4 16. Qxc4 Rxc4 17. e5 Bxg2 18. exf6 gxf6 19. Kxg2 e5 20. Re2 Kh8 21.
Nc1 Rg8 22. Kf2 exf4 23. Bxf4 Ne5 24. h3 Rc5 25. Nd3 Nxd3+ 26. Rxd3 Bf8 27. Ne4
Rc4 28. Nxf6 Rg6 29. Nd7 1-0

[Event "ZMDI-Open 2013"]
[Site "Dresden"]
[Date "2013.08.11"]
[Round "2"]
[White "Heber, M."]
[Black "Köpke, P."]
[Result "1-0"]
[WhiteElo "1634"]
[BlackElo "1341"]
[PlyCount "97"]
[EventDate "2013.??.??"]

1. e4 e6 2. d4 d5 3. Nd2 Nc6 4. c3 h6 5. e5 Nge7 6. f4 Ng6 7. Ndf3 Be7 8. Bd3
Bd7 9. g3 Na5 10. Qc2 Nf8 11. b3 c5 12. Ba3 c4 13. Bxe7 Qxe7 14. Bf1 Qa3 15. b4
Ba4 16. Qc1 Qxc1+ 17. Rxc1 Nc6 18. Bh3 a5 19. a3 b5 20. Ne2 axb4 21. axb4 Ke7
22. f5 g5 23. fxe6 fxe6 24. Bg2 Ng6 25. h4 g4 26. Nh2 h5 27. Rf1 Rhf8 28. Kd2
Bb3 29. Rxf8 Rxf8 30. Ke3 Rf5 31. Rf1 Rxf1 32. Nxf1 Kf7 33. Nf4 Nxf4 34. Kxf4
Kg6 35. Ne3 Nxd4 36. cxd4 c3 37. Bf1 Kh6 38. Bxb5 c2 39. Nxc2 Bxc2 40. Bd7 Bf5
41. b5 Kg7 42. b6 Kf8 43. b7 Ke7 44. Bb5 Bg6 45. b8=Q Kf7 46. Kg5 Kg7 47. Qc7+
Bf7 48. Be8 Kh8 49. Kh6 1-0

[Event "ZMDI-Open 2013"]
[Site "Dresden"]
[Date "2013.08.11"]
[Round "2"]
[White "Koch, K."]
[Black "Zalewski, U."]
[Result "0-1"]
[WhiteElo "800"]
[BlackElo "1805"]
[PlyCount "84"]
[EventDate "2013.??.??"]

1. e4 c5 2. Bc4 d6 3. Ne2 Nf6 4. d3 e5 5. O-O Be7 6. Nbc3 Nbd7 7. Bg5 h6 8.
Bxf6 Nxf6 9. h3 Bd7 10. f4 Qc8 11. fxe5 dxe5 12. Nd5 Nxd5 13. Bxd5 Be6 14. Bxe6
Qxe6 15. Ng3 g6 16. Rf3 O-O 17. Qd2 Bg5 18. Qe2 Qb6 19. b3 c4+ 20. Rf2 cxd3 21.
cxd3 Be3 22. Nh1 Rac8 23. Raf1 Rc6 24. Kh2 Bxf2 25. Nxf2 Rf6 26. Kh1 Rc8 27.
Qd2 Kg7 28. g3 Qc5 29. Kg2 Qc2 30. Qxc2 Rxc2 31. Kg1 Rxa2 32. h4 a5 33. Ng4
Rxf1+ 34. Kxf1 f6 35. Ne3 b5 36. g4 Rb2 37. h5 Rxb3 38. Ke2 a4 39. hxg6 a3 40.
Nf5+ Kxg6 41. Ne7+ Kf7 42. Nd5 a2 0-1

[Event "ZMDI-Open 2013"]
[Site "Dresden"]
[Date "2013.08.11"]
[Round "2"]
[White "Koch, R."]
[Black "Kluge, H."]
[Result "1-0"]
[WhiteElo "1718"]
[BlackElo "1680"]
[PlyCount "49"]
[EventDate "2013.??.??"]

1. e4 d6 2. d4 g6 3. f4 Bg7 4. Nf3 Nf6 5. Nc3 O-O 6. Bd3 c5 7. e5 Ne8 8. dxc5
dxc5 9. Be3 Qa5 10. O-O Nc7 11. Nd2 Nca6 12. Be4 Qd8 13. Qf3 Nc6 14. Rad1 Nd4
15. Qf2 Bg4 16. Nf3 Qa5 17. Bxd4 cxd4 18. Rxd4 Nc5 19. Bd5 e6 20. Bc4 Qb6 21.
b3 Rad8 22. Rfd1 Rxd4 23. Rxd4 Rd8 24. Rxd8+ Qxd8 25. Qxc5 1-0

[Event "ZMDI-Open 2013"]
[Site "Dresden"]
[Date "2013.08.11"]
[Round "2"]
[White "Fahland, M."]
[Black "Böhme-Ziska, C."]
[Result "1/2-1/2"]
[WhiteElo "1414"]
[BlackElo "1747"]
[PlyCount "42"]
[EventDate "2013.??.??"]

1. d4 d5 2. c4 e6 3. Nc3 Nf6 4. Bg5 Be7 5. e3 Nbd7 6. Nf3 c6 7. Qc2 O-O 8. cxd5
exd5 9. Bd3 Bd6 10. Bxh7+ Kh8 11. Bd3 Re8 12. Bh4 Nf8 13. Bg3 Be6 14. Ne5 Ng4
15. Nxg4 Bxg4 16. O-O Qc7 17. Bxd6 Qxd6 18. Rae1 Re6 19. f3 Bh5 20. Qd2 Rh6 21.
g3 Bg6 1/2-1/2

[Event "ZMDI-Open 2013"]
[Site "Dresden"]
[Date "2013.08.11"]
[Round "2"]
[White "Sorge, D."]
[Black "Grube, K."]
[Result "1/2-1/2"]
[WhiteElo "1437"]
[BlackElo "1602"]
[PlyCount "65"]
[EventDate "2013.??.??"]

1. c4 e6 2. g3 Nf6 3. Bg2 d5 4. d3 Nc6 5. Nf3 dxc4 6. dxc4 Qxd1+ 7. Kxd1 Bc5 8.
Rf1 Ng4 9. e3 Nce5 10. h3 Nxf3 11. hxg4 Ne5 12. Nc3 c6 13. Ne4 Be7 14. b3 Nxg4
15. Bb2 f5 16. Bh3 Nf6 17. Nxf6+ Bxf6 18. Bxf6 gxf6 19. Ke2 e5 20. Rad1 Ke7 21.
Rg1 h5 22. f4 e4 23. Rd2 Be6 24. Rgd1 Rhg8 25. Kf2 Rad8 26. Rxd8 Rxd8 27. Rxd8
Kxd8 28. Bf1 Ke7 29. Be2 Bf7 30. Ke1 Kd6 31. Kd2 Kc5 32. Kc3 a5 33. a3 1/2-1/2

[Event "ZMDI-Open 2013"]
[Site "Dresden"]
[Date "2013.08.11"]
[Round "2"]
[White "Kretschmer, W."]
[Black "Grohmann, A."]
[Result "1/2-1/2"]
[WhiteElo "1597"]
[BlackElo "1512"]
[PlyCount "28"]
[EventDate "2013.??.??"]

1. d4 d5 2. c4 c6 3. Nf3 Nf6 4. Nc3 e6 5. e3 Be7 6. Bd3 a6 7. a4 Nbd7 8. O-O
O-O 9. Re1 dxc4 10. Bxc4 Nb6 11. Bd3 c5 12. a5 cxd4 13. exd4 Nbd5 14. Bg5 Bb4
1/2-1/2

[Event "ZMDI-Open 2013"]
[Site "Dresden"]
[Date "2013.08.11"]
[Round "2"]
[White "Kultscher, C."]
[Black "Smagulov, A."]
[Result "0-1"]
[WhiteElo "1046"]
[BlackElo "1802"]
[PlyCount "56"]
[EventDate "2013.??.??"]

1. e4 c6 2. Nc3 d5 3. d4 g6 4. e5 Bg7 5. Nf3 Bg4 6. Be2 Nd7 7. O-O e6 8. Bg5
Ne7 9. Qd2 O-O 10. Bh6 Nf5 11. Bxg7 Kxg7 12. Qf4 Bxf3 13. Bxf3 Qb6 14. Ne2 Rab8
15. g4 Nh6 16. h4 f6 17. exf6+ Rxf6 18. Qd6 Rbf8 19. Nf4 Rxf4 20. Kg2 c5 21. c3
Rxf3 22. dxc5 Nxc5 23. Qe5+ Kg8 24. h5 Nd3 25. Qg5 Rxf2+ 26. Rxf2 Qxf2+ 27. Kh1
Qf4 28. Qh4 Qxg4 0-1

[Event "ZMDI-Open 2013"]
[Site "Dresden"]
[Date "2013.08.11"]
[Round "2"]
[White "Briesemeister, K."]
[Black "Hofmann, F."]
[Result "0-1"]
[WhiteElo "1800"]
[BlackElo "1077"]
[PlyCount "66"]
[EventDate "2013.??.??"]

1. d4 Nf6 2. Nc3 d5 3. Nf3 e6 4. Bg5 Be7 5. e3 O-O 6. Qd2 Nc6 7. h3 Qd6 8. Bf4
Qd8 9. Bd3 Bd6 10. Bg5 Be7 11. a3 Nh5 12. Bxe7 Qxe7 13. g4 Nf6 14. g5 Nh5 15.
h4 e5 16. Nxd5 Qd6 17. dxe5 Nxe5 18. Nxe5 Qxe5 19. Nc3 g6 20. O-O-O Be6 21. f4
Qa5 22. Qf2 Rad8 23. Be2 a6 24. e4 Ng7 25. Rdg1 b5 26. h5 b4 27. Nb1 bxa3 28.
Nxa3 Ba2 29. Bd3 Nxh5 30. f5 Qb4 31. c3 Qa4 32. Rd1 Bb3 33. Rd2 Qa5 0-1

[Event "ZMDI-Open 2013"]
[Site "Dresden"]
[Date "2013.08.11"]
[Round "2"]
[White "Gabriel, W."]
[Black "Hansch, B."]
[Result "1-0"]
[WhiteElo "1733"]
[BlackElo "1577"]
[PlyCount "89"]
[EventDate "2013.??.??"]

1. e4 e5 2. Nf3 Nc6 3. Bb5 f5 4. Bxc6 bxc6 5. Nxe5 Nf6 6. exf5 Bc5 7. c3 Qe7 8.
d4 d6 9. Qf3 Bd7 10. O-O dxe5 11. dxc5 Qxc5 12. Be3 Qd5 13. Qxd5 cxd5 14. Bc5
Bxf5 15. Nd2 Nd7 16. Ba3 c5 17. Rfe1 O-O 18. Nf3 e4 19. Nd2 Rae8 20. Nf1 Rf6
21. Rad1 Re5 22. Ne3 Be6 23. Rd2 Rh6 24. b3 Reh5 25. Nf1 Rh4 26. Rde2 Rg6 27.
Re3 Rxg2+ 28. Kxg2 Bg4 29. Nd2 Ne5 30. Bxc5 Nf3 31. Nxf3 Bxf3+ 32. Rxf3 exf3+
33. Kg3 Re4 34. Rxe4 dxe4 35. Bxa7 Kf7 36. Kf4 Ke6 37. c4 Kd7 38. b4 Kc6 39.
Ke5 g5 40. a4 h5 41. b5+ Kb7 42. Be3 g4 43. a5 h4 44. Kd6 g3 45. fxg3 1-0

[Event "ZMDI-Open 2013"]
[Site "Dresden"]
[Date "2013.08.11"]
[Round "2"]
[White "Schießl, W."]
[Black "Beyer, M."]
[Result "0-1"]
[WhiteElo "1842"]
[BlackElo "1560"]
[PlyCount "94"]
[EventDate "2013.??.??"]

1. e4 e5 2. Nf3 Nc6 3. Nc3 Bc5 4. Bc4 h6 5. d3 Nf6 6. h3 a6 7. a3 d6 8. Ne2 Be6
9. Bxe6 fxe6 10. c3 d5 11. exd5 exd5 12. O-O O-O 13. Ng3 e4 14. Nh2 exd3 15.
Ng4 Qd6 16. Nf5 Qd7 17. Qxd3 Nxg4 18. hxg4 h5 19. Be3 Ne5 20. Qd1 Nxg4 21. Bxc5
Rxf5 22. Qc2 b6 23. Be3 Qd6 24. g3 Nxe3 25. fxe3 Qxg3+ 26. Qg2 Qxg2+ 27. Kxg2
Raf8 28. Rxf5 Rxf5 29. Rd1 Kf7 30. c4 Ke6 31. cxd5+ Rxd5 32. Rc1 c5 33. Rc2 b5
34. Kf3 c4 35. a4 g5 36. axb5 axb5 37. Rh2 Rf5+ 38. Kg3 g4 39. e4 Rf3+ 40. Kh4
Rh3+ 41. Rxh3 gxh3 42. Kxh3 Ke5 43. Kh4 Kxe4 44. Kxh5 Kd3 45. Kg4 Kc2 46. Kf3
Kxb2 47. Ke2 c3 0-1

[Event "ZMDI-Open 2013"]
[Site "Dresden"]
[Date "2013.08.11"]
[Round "2"]
[White "Mittelstaedt, E."]
[Black "Ast, E."]
[Result "1/2-1/2"]
[WhiteElo "1683"]
[BlackElo "1789"]
[PlyCount "143"]
[EventDate "2013.??.??"]

1. d4 d5 2. c3 c6 3. Nd2 Bf5 4. e3 Nf6 5. Be2 e6 6. Ngf3 h6 7. h3 Nbd7 8. O-O
Qc7 9. Nh4 Bh7 10. f4 Be7 11. Nhf3 O-O 12. Ne5 Ne4 13. Nxe4 Bxe4 14. Bd2 Nf6
15. c4 Bh7 16. b3 Ne4 17. Be1 Rad8 18. c5 Rc8 19. b4 Qd8 20. a4 Bh4 21. Nf3
Bxe1 22. Qxe1 a6 23. b5 axb5 24. axb5 b6 25. cxb6 Qxb6 26. Ra6 Qb7 27. Qa5 Ng3
28. bxc6 Nxe2+ 29. Kf2 Rxc6 30. Rxc6 Qxc6 31. Kxe2 Bd3+ 32. Kxd3 Qc4+ 33. Kd2
Qxf1 34. Ne1 Qc4 35. Qc3 Qxc3+ 36. Kxc3 Ra8 37. Nc2 h5 38. g4 hxg4 39. hxg4 f6
40. Kd3 Rc8 41. Kd2 Kf7 42. Ne1 Kg6 43. Nf3 Ra8 44. g5 Ra2+ 45. Ke1 Kf5 46.
gxf6 gxf6 47. Nd2 Kg4 48. Ke2 Kg3 49. Ke1 Ra8 50. Ke2 Rh8 51. Nf1+ Kg2 52. Nd2
Ra8 53. Nf3 Ra2+ 54. Nd2 Rb2 55. Ke1 Kg3 56. Ke2 Kg4 57. Kd3 Kf5 58. Ke2 e5 59.
fxe5 fxe5 60. dxe5 Kxe5 61. Kd3 Rb8 62. Nf3+ Kd6 63. Nd4 Ra8 64. Ke2 Ke5 65.
Kf3 Rf8+ 66. Ke2 Ke4 67. Ne6 Re8 68. Ng5+ Kf5 69. Nf3 Ra8 70. Nd2 Ra3 71. Kf2
Ke5 72. Ke2 1/2-1/2

[Event "ZMDI-Open 2013"]
[Site "Dresden"]
[Date "2013.08.11"]
[Round "2"]
[White "Bisse, V."]
[Black "Klein, A."]
[Result "1-0"]
[WhiteElo "1967"]
[BlackElo "1735"]
[PlyCount "87"]
[EventDate "2013.??.??"]

1. e4 d5 2. exd5 Qxd5 3. Nc3 Qa5 4. Nf3 Nf6 5. Bc4 e6 6. O-O Bd6 7. Nb5 Be7 8.
d3 c6 9. Bd2 Qd8 10. Nc3 Nbd7 11. Qe2 O-O 12. Bg5 Qc7 13. Ne4 Re8 14. d4 Nxe4
15. Qxe4 Nf6 16. Qe2 a5 17. c3 b5 18. Bd3 Bb7 19. Rfe1 Rad8 20. Ne5 Nd5 21.
Bxe7 Rxe7 22. Bc2 Nf6 23. Ng4 Qf4 24. Nxf6+ Qxf6 25. Qe5 Qxe5 26. Rxe5 Rd5 27.
Rae1 Rxe5 28. Rxe5 Rd7 29. f4 Rd5 30. Be4 Rxe5 31. dxe5 h6 32. Kf2 Kf8 33. Ke3
Ke7 34. Kd4 Kd7 35. b3 Kc7 36. Kc5 g6 37. h4 h5 38. Bf3 Ba8 39. g4 hxg4 40.
Bxg4 Kd7 41. Kb6 b4 42. cxb4 axb4 43. Ka7 c5 44. Kxa8 1-0

[Event "ZMDI-Open 2013"]
[Site "Dresden"]
[Date "2013.08.11"]
[Round "2"]
[White "Schießl, H."]
[Black "Kanibalotzka, E."]
[Result "1-0"]
[WhiteElo "1749"]
[BlackElo "1822"]
[PlyCount "129"]
[EventDate "2013.??.??"]

1. e4 d6 2. d4 Nf6 3. Bd3 e5 4. dxe5 dxe5 5. Nf3 Nbd7 6. O-O g6 7. c3 Bg7 8.
Nbd2 O-O 9. Nc4 Nc5 10. Ncxe5 Nxd3 11. Qxd3 Qxd3 12. Nxd3 Nxe4 13. Re1 f5 14.
Bf4 c6 15. Re2 Bd7 16. Rae1 c5 17. Nfe5 Bb5 18. c4 Bc6 19. f3 g5 20. Nxc6 bxc6
21. fxe4 gxf4 22. Nxf4 Bd4+ 23. Kh1 Rae8 24. exf5 Rxe2 25. Rxe2 Rxf5 26. g3 Kf7
27. b3 Be5 28. Nd3 Bd4 29. Kg2 a5 30. a4 h5 31. Re4 Kf6 32. Rf4 Kg5 33. Rxf5+
Kxf5 34. Kf3 Bg1 35. h3 Bd4 36. Nf4 h4 37. g4+ Kf6 38. Ke4 Be5 39. Nh5+ Ke6 40.
g5 Bd4 41. Nf4+ Kf7 42. Kf5 Bf2 43. Ne6 Ke7 44. g6 Be3 45. g7 Kf7 46. Nd8+ Kxg7
47. Nxc6 Bd2 48. Ne5 Be3 49. Nf3 Bf2 50. Kg5 Kf7 51. Nxh4 Ke6 52. Nf3 Be3+ 53.
Kg6 Bf2 54. h4 Be3 55. h5 Bd4 56. h6 Bc3 57. h7 Bh8 58. Ng5+ Ke7 59. Ne4 Bd4
60. Nxc5 Kd6 61. Nb7+ Kc6 62. Nxa5+ Kc5 63. b4+ Kb6 64. Nb3 Kc6 65. Nxd4+ 1-0

[Event "ZMDI-Open 2013"]
[Site "Dresden"]
[Date "2013.08.11"]
[Round "2"]
[White "Förster, J."]
[Black "Laskow, V."]
[Result "1-0"]
[WhiteElo "1761"]
[BlackElo "1472"]
[PlyCount "67"]
[EventDate "2013.??.??"]

1. d4 Nf6 2. c4 e6 3. Nc3 d5 4. Bg5 Be7 5. Bxf6 Bxf6 6. e3 c6 7. Nf3 Nd7 8. Bd3
O-O 9. Rc1 Re8 10. O-O dxc4 11. Bxc4 Nb6 12. Bd3 Qc7 13. b4 Qe7 14. b5 cxb5 15.
Nxb5 Nd5 16. Bb1 Qd7 17. Qd3 b6 18. Qxh7+ Kf8 19. Qd3 Ba6 20. a4 Rac8 21. Qb3
Rxc1 22. Rxc1 Rc8 23. Rxc8+ Qxc8 24. Qa3+ Be7 25. Qb2 Bxb5 26. axb5 Nb4 27. g3
Qc4 28. Ne5 Qxb5 29. Qc3 Bd6 30. Qc8+ Ke7 31. Qb7+ Ke8 32. Qxf7+ Kd8 33. Qxe6
Qd5 34. Qd7# 1-0

[Event "ZMDI-Open 2013"]
[Site "Dresden"]
[Date "2013.08.11"]
[Round "2"]
[White "Gerling, L."]
[Black "Möller, P."]
[Result "0-1"]
[WhiteElo "1783"]
[BlackElo "1678"]
[PlyCount "62"]
[EventDate "2013.??.??"]

1. d4 Nf6 2. c4 e6 3. Nf3 c6 4. e3 d5 5. Bd3 Bb4+ 6. Bd2 Bxd2+ 7. Nbxd2 Nbd7 8.
O-O O-O 9. Qc2 h6 10. Rac1 Re8 11. Ne5 Nxe5 12. dxe5 Nd7 13. Nf3 f6 14. exf6
Qxf6 15. cxd5 exd5 16. b4 a6 17. e4 dxe4 18. Bxe4 Nf8 19. Rfe1 Bg4 20. h3 Bh5
21. Qc5 Bf7 22. Qf5 Qxf5 23. Bxf5 Bxa2 24. Ne5 Rad8 25. Ng6 Rxe1+ 26. Rxe1 Nxg6
27. Bxg6 Kf8 28. Re3 Bf7 29. Rf3 Rd7 30. g4 Kg8 31. Bf5 Rd4 0-1

[Event "ZMDI-Open 2013"]
[Site "Dresden"]
[Date "2013.08.11"]
[Round "2"]
[White "Helbig, C."]
[Black "Scharff, J."]
[Result "1-0"]
[WhiteElo "1786"]
[BlackElo "1693"]
[PlyCount "108"]
[EventDate "2013.??.??"]

1. Nf3 e6 2. g3 Nf6 3. b3 d5 4. c4 c6 5. Bb2 Be7 6. Bg2 Nbd7 7. O-O O-O 8. e3
a6 9. d3 Re8 10. Nbd2 Qb6 11. Qc2 h6 12. Rab1 Qd8 13. Ne1 Nf8 14. f4 Ng4 15.
Rf3 Bc5 16. d4 Be7 17. h3 Nf6 18. g4 N6h7 19. Rg3 Bh4 20. Rf3 f5 21. Nd3 Nf6
22. Ne5 Ne4 23. Nxe4 dxe4 24. Rff1 g6 25. Qc3 Bf6 26. Rbd1 Bxe5 27. dxe5 Qh4
28. Qe1 Qxe1 29. Rfxe1 Bd7 30. Ba3 Rad8 31. h4 Bc8 32. Bd6 Rd7 33. c5 Rg7 34.
Kh2 Nh7 35. Rg1 Rd8 36. h5 Kf7 37. Bh3 gxh5 38. gxh5 Rxg1 39. Rxg1 Rg8 40. Rxg8
Kxg8 41. Bf1 Kf7 42. Kg1 Nf8 43. Kf2 Bd7 44. Ke1 Ke8 45. Bc4 Kf7 46. Kd2 Ke8
47. Kc3 Kf7 48. Kb4 Ke8 49. Ka5 Bc8 50. Kb6 Nd7+ 51. Kc7 b5 52. Bxe6 Nxc5 53.
Bxc8 Nd3 54. Bd7+ Kf7 1-0

[Event "ZMDI-Open 2013"]
[Site "Dresden"]
[Date "2013.08.11"]
[Round "2"]
[White "Schüring, L."]
[Black "Lindner, M."]
[Result "0-1"]
[WhiteElo "1256"]
[BlackElo "1548"]
[PlyCount "66"]
[EventDate "2013.??.??"]

1. d4 d5 2. c4 c6 3. e3 e6 4. Nf3 Nf6 5. Nc3 dxc4 6. Bxc4 Be7 7. O-O O-O 8. Bd3
c5 9. dxc5 Bxc5 10. Qc2 Qe7 11. b3 Nc6 12. a3 a6 13. Bb2 Bd6 14. Ne2 h6 15. b4
e5 16. Ng3 g6 17. e4 Bg4 18. Qe2 Rac8 19. h3 Bxf3 20. Qxf3 Nd4 21. Qe3 Nc2 22.
Bxc2 Rxc2 23. Bc1 g5 24. Nf5 Qe6 25. Nxh6+ Kh8 26. Nf5 Nh7 27. Qg3 f6 28. h4
Rg8 29. Be3 gxh4 30. Qxh4 Rc4 31. Kh2 Qxf5 32. Rad1 Rxe4 33. Qh6 Bf8 0-1

[Event "ZMDI-Open 2013"]
[Site "Dresden"]
[Date "2013.08.11"]
[Round "2"]
[White "Dorst, K."]
[Black "Schlegel, H."]
[Result "1-0"]
[WhiteElo "1761"]
[BlackElo "1035"]
[PlyCount "97"]
[EventDate "2013.??.??"]

1. e4 e5 2. Nf3 Nc6 3. Bb5 f5 4. d3 fxe4 5. dxe4 Nf6 6. Bg5 Be7 7. Nc3 d6 8.
Qe2 a6 9. Ba4 Bg4 10. h3 Bxf3 11. gxf3 b5 12. Bb3 Nd4 13. Qe3 c6 14. Ne2 Nxb3
15. axb3 d5 16. Bxf6 Bxf6 17. exd5 cxd5 18. O-O-O O-O 19. Qd3 d4 20. Ng3 Rc8
21. Kb1 Qd5 22. Ne4 Rc7 23. Rhg1 a5 24. f4 a4 25. bxa4 bxa4 26. fxe5 Bxe5 27.
f3 Rb8 28. Rg5 Qb7 29. Qa3 d3 30. c3 Bf4 31. Rc5 Rxc5 32. Nxc5 Qd5 33. Qa2 Qf7
34. Qxf7+ Kxf7 35. Nxa4 Ra8 36. b3 Rb8 37. Ka2 Ra8 38. Rxd3 Be5 39. c4 h5 40.
Rd5 Kf6 41. Kb1 Rb8 42. Kc2 g5 43. Nc5 Re8 44. Nd7+ Kf5 45. c5 Kf4 46. Nxe5
Rxe5 47. Rxe5 Kxe5 48. Kd3 g4 49. fxg4 1-0